000
00198 a2200097 4500
001
3424
100
_a
Hatr, B H L
245
_a
Deterrent or defence
260
_a
_b
Stevens
_c
090
_c
2696
_d
2696
942
_a
NUST-CAE
_c
M
_c
18846
999
_c
238497
_d
238497